| 000 | 00316nam a22001217a 4500 | ||
|---|---|---|---|
| 020 | _a9788181283375 | ||
| 082 |
_a621.3 _bPAD/IN |
||
| 100 |
_aPadmanabhan,Thattamangalam R. _91284 |
||
| 245 | _aIndustrial Instrumentation : Principles and Design | ||
| 260 |
_aNew Delhi _bSpringer _c2009 |
||
| 300 | _a643 | ||
| 942 | _cBBS | ||
| 999 |
_c14733 _d14733 |
||